<?xml version="1.0" encoding="UTF-8"?>
<collection xmlns="http://www.loc.gov/MARC21/slim">
 <record>
  <leader>00817pamaa2200193   4500</leader>
  <controlfield tag="001">0000019847</controlfield>
  <controlfield tag="005">20131002090000.0</controlfield>
  <datafield tag="020" ind1="0" ind2="0">
   <subfield code="a">047196283X </subfield>
  </datafield>
  <datafield tag="082" ind1=" " ind2=" ">
   <subfield code="a">323.64 CON</subfield>
  </datafield>
  <datafield tag="090" ind1="0" ind2="0">
   <subfield code="a">HF5382.56.A785 </subfield>
   <subfield code="b">CON 1994</subfield>
  </datafield>
  <datafield tag="100" ind1="1" ind2="0">
   <subfield code="a">CONWAY </subfield>
  </datafield>
  <datafield tag="245" ind1="1" ind2="0">
   <subfield code="a">Expatriate effectiveness : </subfield>
   <subfield code="b">a study of European expatriates in South-East Asia  </subfield>
   <subfield code="c">Bryony Conway.</subfield>
  </datafield>
  <datafield tag="260" ind1="0" ind2="0">
   <subfield code="a">Chichester: </subfield>
   <subfield code="b">John Wiley, </subfield>
   <subfield code="c">c1994 (1996 printing).</subfield>
  </datafield>
  <datafield tag="300" ind1=" " ind2=" ">
   <subfield code="a">ix, 81p.: </subfield>
   <subfield code="b">ill.; </subfield>
   <subfield code="c">30cm.</subfield>
  </datafield>
  <datafield tag="650" ind1="0" ind2="0">
   <subfield code="a">Europeans -- </subfield>
   <subfield code="x">Employment -- </subfield>
   <subfield code="x">Case studies -- </subfield>
   <subfield code="z">Asia, Southeastern </subfield>
  </datafield>
  <datafield tag="650" ind1="0" ind2="0">
   <subfield code="a">Corporations, European -- </subfield>
   <subfield code="x">Management -- </subfield>
   <subfield code="x">Case studies -- </subfield>
   <subfield code="z">Asia, Southeastern </subfield>
  </datafield>
  <datafield tag="650" ind1="0" ind2="0">
   <subfield code="a">Europeans -- </subfield>
   <subfield code="x">Social life and customs -- </subfield>
   <subfield code="z">Asia, Southeastern </subfield>
  </datafield>
  <datafield tag="650" ind1="0" ind2="0">
   <subfield code="a">Europeans -- </subfield>
   <subfield code="x">Economic conditions -- </subfield>
   <subfield code="z">Asia, Southeastern </subfield>
  </datafield>
  <datafield tag="740" ind1="0" ind2="0">
   <subfield code="a">European expatriates in South-East Asia</subfield>
  </datafield>
 </record>
</collection>
